header

Using Lotus Notes as an Intranet (Record no. 254124)

MARC details
000 -LEADER
fixed length control field 00352nam a22001457a 4500
003 - CONTROL NUMBER IDENTIFIER
control field OSt
005 - DATE AND TIME OF LATEST TRANSACTION
control field 20241118165701.0
008 - FIXED-LENGTH DATA ELEMENTS--GENERAL INFORMATION
fixed length control field 160527b xxu||||| |||| 00| 0 eng d
020 ## - INTERNATIONAL STANDARD BOOK NUMBER
International Standard Book Number 0-471-17548-X
040 ## - CATALOGING SOURCE
Transcribing agency RU
100 ## - MAIN ENTRY--PERSONAL NAME
Personal name Falkner, Mike
245 ## - TITLE STATEMENT
Title Using Lotus Notes as an Intranet
260 ## - PUBLICATION, DISTRIBUTION, ETC. (IMPRINT)
Place of publication, distribution, etc USA
Name of publisher, distributor, etc John Wiley & Sons
Date of publication, distribution, etc 1997
942 ## - ADDED ENTRY ELEMENTS (KOHA)
Source of classification or shelving scheme Library of Congress Classification
Koha item type Long Loan Books
Holdings
Withdrawn status Lost status Source of classification or shelving scheme Damaged status Not for loan Collection code Home library Current library Shelving location Date acquired Total Checkouts Full call number Barcode Date last seen Price effective from Koha item type
    Library of Congress Classification     Non-fiction Rongo University Library Rongo University Library General Stacks 27/05/2016   TK 5105.875 .16F35 1997 20087686 27/05/2016 27/05/2016 Long Loan Books

© 2026 Rongo University
Contact us: librarian | system librarian | Rongo university